000 00675nam a2200253Ia 4500
003 OSt
005 20221005073016.0
006 a|||||r|||| 00| 0
007 ta
008 221004b |||||||| |||| 00| 0 eng d
020 _a8185060573 (pbk)
024 _a28895
037 _cTextual
040 _aCRL
_cCRL
_beng
041 _2eng
_aeng
082 _aW, P5
100 _aVermani R.C.
245 0 _aAn introduction to political theory and thought
260 _aNew Delhi
_bGeetanjli Publishing House India
_c2005
300 _avi,427p.
_ccm.
650 _aPOLITICAL SCIENCE
942 _hW, P5
_cTEXL
_2cc
999 _c980412
_d980412